000 01292nam0a22003011 4500
001 rc\4311371
005 20250612044541.0
021 _aRU
_b[65-58852]
035 _a(NLR Aleph) 008508515
090 _a8154228
_c8154228
100 _a20130416d1965 |||y0rusy50 ca
101 0 _arus
102 _aRU
105 _aa z |||||
200 1 _aВнедрение комплекса КМ-87 на шахте "Краснолиманская" треста "Красноармейскуголь"
_fГос. ком. Совета Министров УССР по координации науч.-исслед. работ. Ин-т техн. информации
210 _aКиев
_cБ. и.
_d1965
215 _a27 с., 3 л. черт.
_cил.
_d22
225 1 _a[Угольная промышленность]
_fЦБТИ Донецкого совнархоза
300 _aНа обороте тит. л. авт.: Г.А. Ревенок, С.П. Фищенко, Е.А. Завгородний и др.
606 _aУгольные комбайны
_2psbo
701 1 _aФищенко
_bС.П.
701 1 _aЗавгородний
_bЕ.А.
701 1 _aРевенок
_bГ.А.
801 0 _aRU
_bNLR
_gpsbo
801 1 _aRU
_bELAR
_2rusmarc
852 _aNLR
_j65-6/9853
942 _cBOOK
980 _aNB